Name the 13 countries ending in LIA or NIA? (100 secs) - Statistics

General Stats
  • This quiz has been taken 77 times
  • The average score is 7 of 13
Answer Stats
Answer % Correct
Albania
81%
Somalia
74%
Australia
60%
Slovenia
57%
Tanzania
55%
Estonia
53%
Lithuania
51%
Romania
43%
Armenia
42%
Bosnia and Herzegovina
40%
Macedonia
40%
Mauritania
34%
Mongolia
32%
No matching quizzes found
Score Distribution
Percent of People with Each Score
Percentile by Number Answered
Your Score History
You have not taken this quiz